TNA / Impact Wrestling - Bobby Lashley's PPV Opponents - Statistics

General Stats
  • This quiz has been taken 86 times
  • The average score is 9 of 15
Answer Stats
Year Event Match Type Answer % Correct
2015 Bound for Glory Bobby Roode
77%
2009 Bound for Glory Submission Match Samoa Joe
75%
2014 Slammiversary Samoa Joe
75%
2014 Slammiversary Triple Threat Steel Cage Match Austin Aries
74%
2016 Slammiversary Tapout or Knockout Only Match Drew Galloway
68%
2015 Slammiversary Tag Team Match Ethan Carter III
63%
2016 Bound for Glory No Holds Barred Match Ethan Carter III
63%
2009 Turning Point Falls Count Anywhere Match Scott Steiner
63%
2009 Final Resolution Last Man Standing Match Scott Steiner
63%
2014 Slammiversary Triple Threat Steel Cage Match Eric Young
61%
2017 Slammiversary Alberto El Patron
56%
2017 Bound for Glory Tag Team Steel Cage Match Moose
54%
2009 No Surrender Rhino
39%
2015 Slammiversary Tag Team Match Tyrus
37%
2017 Bound for Glory Tag Team Steel Cage Match Stephan Bonnar
23%
No matching quizzes found
Score Distribution
Percent of People with Each Score
Percentile by Number Answered
Your Score History
You have not taken this quiz